00531nam a2200085Ia 4500008004100000245004800041300026400089650001300353856007900366170517s9999 xx 000 0 und d aRichard Dawkins: The Greatest Show on Earth aWhen he has that fire in his belly, Richard Dawkins is arguably the greatest living popularizer of evolution. His foundational work, The Selfish Gene, inspired a generation of evolutionary biology students, while The God Delusion was a powerfully effective... xScience. uhttp://topdocumentaryfilms.com/richard-dawkins-the-greatest-show-on-earth/